[Event "EU-chT U18"]
[Site "Iasi"]
[Date "2023.07.28"]
[Round "5.3"]
[White "Sapocinic, Semion"]
[Black "Tampea, Radu"]
[Result "1-0"]
[WhiteElo "2089"]
[BlackElo "2207"]
[PlyCount "105"]
[EventDate "2023.07.24"]
[EventType "team-swiss"]
[EventRounds "7"]
[EventCountry "ROU"]
[SourceTitle "CBM 215 Extra"]
[Source "ChessBase"]
[SourceDate "2023.09.30"]
[SourceVersion "1"]
[SourceVersionDate "2023.09.30"]
[SourceQuality "1"]
[WhiteTeam "Moldova U18"]
[BlackTeam "Romania Friends U18"]
[WhiteTeamCountry "MDA"]
[BlackTeamCountry "ROU"]

1. c4 e6 2. Nf3 d5 3. e3 Nf6 4. b3 b6 5. Bb2 Bb7 6. g3 g6 7. Bg2 Bg7 8. 0-0 0-0 9. Nc3 Nbd7 10. Qe2 Ne4 11. d4 Nxc3 12. Bxc3 Qe7 13. Rfd1 c5 14. cxd5 exd5 15. Rac1 Rac8 16. dxc5 bxc5 17. Bxg7 Kxg7 18. Qb2+ Nf6 19. Rc2 Kg8 20. Qe5 Rfe8 21. Qxe7 Rxe7 22. Rdc1 Nd7 23. Ne1 Kg7 24. Nd3 Ba6 25. Nf4 Nb6 26. Nxd5 Nxd5 27. Bxd5 Rec7 28. b4 c4 29. a4 c3 30. b5 Rd8 31. e4 Bb7 32. Bxb7 Rxb7 33. Rxc3 Rd4 34. Rc4 Rbd7 35. a5 Kf6 36. b6 axb6 37. axb6 Rxc4 38. Rxc4 Rb7 39. Rb4 Ke6 40. Kg2 Kd6 41. Kf3 Kc5 42. Rb1 Rxb6 43. Rxb6 Kxb6 44. Kf4 Kc6 45. Ke5 Kd7 46. Kf6 Ke8 47. Kg7 h5 48. f4 Ke7 49. f5 g5 50. e5 h4 51. gxh4 gxh4 52. h3 Ke8 53. f6 1-0

[Event "EU-chT U18"]
[Site "Iasi"]
[Date "2023.07.26"]
[Round "3.3"]
[White "Palczert, Matyas"]
[Black "Tampea, Radu"]
[Result "1/2-1/2"]
[WhiteElo "2340"]
[BlackElo "2207"]
[PlyCount "120"]
[EventDate "2023.07.24"]
[EventType "team-swiss"]
[EventRounds "7"]
[EventCountry "ROU"]
[SourceTitle "CBM 215 Extra"]
[Source "ChessBase"]
[SourceDate "2023.09.30"]
[SourceVersion "1"]
[SourceVersionDate "2023.09.30"]
[SourceQuality "1"]
[WhiteTeam "Hungary U18"]
[BlackTeam "Romania Friends U18"]
[WhiteTeamCountry "HUN"]
[BlackTeamCountry "ROU"]

1. e4 c5 2. Nf3 d6 3. Bb5+ Bd7 4. Bxd7+ Nxd7 5. 0-0 Ngf6 6. Qe2 e6 7. c3 Be7 8. d4 0-0 9. Rd1 Rc8 10. e5 Ne8 11. exd6 Bxd6 12. Nbd2 Nef6 13. Nc4 Be7 14. Nce5 cxd4 15. Nxd7 Qxd7 16. Rxd4 Qc6 17. Ne5 Qb6 18. Bg5 Qa5 19. Rad1 Rc5 20. f4 Rcc8 21. Nd7 Rfd8 22. Bxf6 Bxf6 23. Nxf6+ gxf6 24. a4 Rxd4 25. Rxd4 Rd8 26. Qb5 Qc7 27. Qd3 Rxd4 28. Qxd4 a6 29. h4 Kg7 30. c4 h5 31. b4 a5 32. b5 b6 33. Kh2 e5 34. fxe5 fxe5 35. Qe4 Qc5 36. Qe2 Kg6 37. Qd3+ Kg7 38. Qe2 Kg6 39. Qe4+ Kg7 40. Qf5 f6 41. Qd7+ Kg6 42. Qd3+ Kg7 43. Kg3 Qg1 44. Qe2 Kg6 45. Kf3 Qc5 46. Qe4+ Kg7 47. Qb7+ Kg6 48. Qe4+ Kg7 49. Ke2 Qg1 50. Qb7+ Kg6 51. Qe4+ Kg7 52. Qb7+ Kg6 53. Qf3 Qc5 54. Qg3+ Kf7 55. Qd3 Kg7 56. g3 Qb4 57. Qd7+ Kg6 58. Qe8+ Kg7 59. Qd7+ Kg6 60. Qd3+ Kg7 1/2-1/2

[Event "Brasov GP RO"]
[Site "Brasov"]
[Date "2023.07.22"]
[Round "9"]
[White "Tampea, Radu"]
[Black "Tudoroiu, Razvan Catalin"]
[Result "1/2-1/2"]
[WhiteElo "2207"]
[BlackElo "1980"]
[PlyCount "90"]
[EventDate "2023.07.16"]
[EventType "swiss"]
[EventRounds "9"]
[EventCountry "ROU"]
[SourceTitle "CBM 215 Extra"]
[Source "ChessBase"]
[SourceDate "2023.09.30"]
[SourceVersion "1"]
[SourceVersionDate "2023.09.30"]
[SourceQuality "1"]

1. d4 c5 2. d5 Nf6 3. Nf3 d6 4. Nc3 g6 5. e4 Bg7 6. Bb5+ Nbd7 7. a4 0-0 8. 0-0 a6 9. Be2 Rb8 10. Nd2 Ne8 11. Nc4 Nb6 12. Re1 Nxc4 13. Bxc4 Nc7 14. a5 b5 15. axb6 Rxb6 16. Qd3 Bd7 17. Ra2 Bb5 18. Ne2 Qd7 19. c3 Rfb8 20. Ng3 Bxc4 21. Qxc4 Qb5 22. Qa4 h5 23. f4 h4 24. Nf1 R6b7 25. Qd1 h3 26. g3 Qc4 27. Ra4 Qb3 28. Qxb3 Rxb3 29. Kf2 Rxb2+ 30. Bxb2 Rxb2+ 31. Re2 Rb3 32. Rc2 Rb1 33. c4 Bd4+ 34. Ke2 Rb3 35. Rca2 Rb1 36. Nd2 Rg1 37. Nf3 Rg2+ 38. Kd3 Bb2 39. Nd2 Bd4 40. Nf3 Bb2 41. Ng5 Rxh2 42. Nxh3 Rg2 43. Ke3 Rxg3+ 44. Kf2 Rb3 45. Kg2 Kg7 1/2-1/2

[Event "ROM-chT Blitz"]
[Site "Sebes"]
[Date "2022.12.04"]
[Round "4.8"]
[White "Cnejev, Vladimir Alexandru"]
[Black "Tampea, Radu"]
[Result "1-0"]
[WhiteElo "2268"]
[BlackElo "2110"]
[PlyCount "81"]
[EventDate "2022.12.04"]
[EventType "team-swiss (blitz)"]
[EventRounds "8"]
[EventCountry "ROU"]
[SourceTitle "CBM 211 Extra"]
[Source "ChessBase"]
[SourceDate "2023.01.31"]
[SourceVersion "1"]
[SourceVersionDate "2023.01.31"]
[SourceQuality "1"]
[WhiteTeam "Arnia Chess"]
[BlackTeam "Alba Iulia Unirea"]
[WhiteTeamCountry "ROU"]
[BlackTeamCountry "ROU"]

1. e4 c5 2. Nf3 Nc6 3. Bb5 g6 4. 0-0 Bg7 5. Re1 e5 6. Bxc6 dxc6 7. d3 Qe7 8. Nbd2 Nf6 9. Nc4 Nd7 10. Bd2 b6 11. a3 Ba6 12. Ne3 0-0 13. b4 h6 14. Bc3 Kh7 15. Qc1 Bb7 16. Qb2 Rfe8 17. bxc5 Nxc5 18. a4 Nd7 19. a5 c5 20. Ra3 Bc6 21. axb6 axb6 22. Rea1 Rxa3 23. Rxa3 b5 24. Ra7 Qd6 25. Qb3 Rf8 26. Bb2 f5 27. Nd2 fxe4 28. Nxe4 Bxe4 29. dxe4 Qd2 30. f3 Qe1+ 31. Nf1 Nf6 32. Qe3 Qb1 33. Bxe5 Qxc2 34. h3 Qc4 35. Nd2 Qe6 36. Qxc5 Rd8 37. Bd4 Rd7 38. Nf1 Rxa7 39. Qxa7 b4 40. Qb6 b3 41. Qxe6 1-0

[Event "Sebes Romanian Rapid op"]
[Site "Sebes"]
[Date "2022.12.02"]
[Round "7"]
[White "Tampea, Radu"]
[Black "Baratosi, Daniel"]
[Result "0-1"]
[WhiteElo "2110"]
[BlackElo "2335"]
[PlyCount "104"]
[EventDate "2022.12.02"]
[EventType "swiss (rapid)"]
[EventRounds "8"]
[EventCountry "ROU"]
[SourceTitle "CBM 211 Extra"]
[Source "ChessBase"]
[SourceDate "2023.01.31"]
[SourceVersion "1"]
[SourceVersionDate "2023.01.31"]
[SourceQuality "1"]

1. d4 d6 2. e4 Nf6 3. Nc3 c6 4. Be3 Qa5 5. f3 e5 6. Bc4 Nbd7 7. a3 Be7 8. Nge2 0-0 9. 0-0 b5 10. Bb3 Bb7 11. Ng3 Rfe8 12. Qe2 Bf8 13. Nf5 a6 14. Qf2 exd4 15. Bxd4 c5 16. Qg3 g6 17. Bxf6 Nxf6 18. Nxd6 c4 19. Nxb7 Qb6+ 20. Kh1 cxb3 21. Qg5 h6 22. Qf4 Nh5 23. Nd5 Qxb7 24. Qc7 Reb8 25. g4 Qxc7 26. Nxc7 Ra7 27. Nd5 Ng7 28. cxb3 Ne6 29. Rac1 Bg7 30. Rf2 Nd4 31. b4 Kh8 32. Kg2 f5 33. gxf5 gxf5 34. Kh3 Rf7 35. Rcf1 Rbf8 36. Kg2 fxe4 37. fxe4 Rxf2+ 38. Rxf2 Rxf2+ 39. Kxf2 Be5 40. Ne7 Kg7 41. Ke3 Kf7 42. Nd5 Ne6 43. b3 Bxh2 44. a4 Be5 45. axb5 axb5 46. Kf3 Ng5+ 47. Ke3 h5 48. Nb6 Ke6 49. Nd5 h4 50. Nf4+ Bxf4+ 51. Kxf4 h3 52. Kg3 Ke5 0-1

[Event "Sebes Romanian Rapid op"]
[Site "Sebes"]
[Date "2022.12.02"]
[Round "5"]
[White "Tampea, Radu"]
[Black "Ghita, Vlad Bogdan"]
[Result "1/2-1/2"]
[WhiteElo "2110"]
[BlackElo "1935"]
[PlyCount "58"]
[EventDate "2022.12.02"]
[EventType "swiss (rapid)"]
[EventRounds "8"]
[EventCountry "ROU"]
[SourceTitle "CBM 211 Extra"]
[Source "ChessBase"]
[SourceDate "2023.01.31"]
[SourceVersion "1"]
[SourceVersionDate "2023.01.31"]
[SourceQuality "1"]

1. d4 c5 2. d5 Nf6 3. Nc3 e5 4. e4 d6 5. a4 Be7 6. Bb5+ Nbd7 7. Nf3 0-0 8. 0-0 Ne8 9. Nd2 Bg5 10. Bd3 g6 11. Nc4 Nb6 12. Nxb6 axb6 13. Nb5 Bxc1 14. Qxc1 Nc7 15. f4 exf4 16. Qxf4 Nxb5 17. Bxb5 Qc7 18. Rae1 Bd7 19. e5 dxe5 20. Qxe5 Qxe5 21. Rxe5 Bxb5 22. axb5 Rfe8 23. Rfe1 Rxe5 24. Rxe5 Ra4 25. Re7 Rd4 26. Rxb7 Rxd5 27. Rxb6 Rd1+ 28. Kf2 Rd2+ 29. Kf3 Rxc2 1/2-1/2

[Event "Wch U16"]
[Site "Mamaia"]
[Date "2022.09.06"]
[Round "1"]
[White "Tampea, Radu"]
[Black "Sokolovsky, Yahli"]
[Result "1/2-1/2"]
[WhiteElo "2052"]
[BlackElo "2426"]
[PlyCount "61"]
[EventDate "2022.09.06"]
[EventType "swiss"]
[EventRounds "11"]
[EventCountry "ROU"]
[SourceTitle "CBM 210 Extra"]
[Source "ChessBase"]
[SourceDate "2022.11.30"]
[SourceVersion "1"]
[SourceVersionDate "2022.11.30"]
[SourceQuality "1"]

1. e4 e5 2. Nf3 Nc6 3. Bc4 Bc5 4. c3 Nf6 5. d4 exd4 6. b4 Bb6 7. e5 d5 8. exf6 dxc4 9. Qe2+ Be6 10. b5 Na5 11. fxg7 Rg8 12. Nxd4 Bxd4 13. cxd4 Qd5 14. 0-0 0-0-0 15. Bf4 Rxg7 16. Bg3 Qxd4 17. Be5 Bd5 18. g3 Qg4 19. f3 Qe6 20. Nc3 Rgg8 21. Rae1 b6 22. Qd2 Qe7 23. Qf4 Bb7 24. Qf5+ Kb8 25. Bf6 Qd7 26. Qxh7 Rde8 27. Be5 Rg6 28. Qh5 Rge6 29. Rd1 Qe7 30. Bf4 Rg8 31. Nb1 1/2-1/2

[Event "Targu Mures op-A"]
[Site "Targu Mures"]
[Date "2022.06.11"]
[Round "9"]
[White "Istratescu, Andrei"]
[Black "Tampea, Radu"]
[Result "1-0"]
[WhiteElo "2452"]
[BlackElo "2037"]
[PlyCount "99"]
[EventDate "2022.06.04"]
[EventType "swiss"]
[EventRounds "9"]
[EventCountry "ROU"]
[SourceTitle "CBM 208 Extra"]
[Source "ChessBase"]
[SourceDate "2022.07.31"]
[SourceVersion "1"]
[SourceVersionDate "2022.07.31"]
[SourceQuality "1"]

1. e4 c5 2. Nf3 Nc6 3. d4 cxd4 4. Nxd4 Nf6 5. Nc3 d6 6. Bg5 a6 7. Qd2 e6 8. 0-0-0 Bd7 9. f4 b5 10. Bxf6 gxf6 11. Nxc6 Bxc6 12. Qe1 Qe7 13. Bd3 h5 14. Kb1 Bh6 15. Rf1 b4 16. Ne2 Qb7 17. Nd4 Bd7 18. Bc4 Qc7 19. b3 Qc5 20. Qh4 Bg7 21. f5 e5 22. Ne2 Rc8 23. Nc1 Ke7 24. Nd3 Qb6 25. Nb2 Bh6 26. Qxh5 Rcf8 27. Qe2 Qe3 28. Rf3 Qxe2 29. Bxe2 Bc6 30. Rfd3 Bxe4 31. Rxd6 Rd8 32. Rxd8 Rxd8 33. Rxd8 Kxd8 34. g4 Bg2 35. Nd1 Bd2 36. Kb2 e4 37. c3 Bf3 38. Bxf3 exf3 39. cxb4 Bxb4 40. Kc2 Bc5 41. Kd3 Kd7 42. h4 f2 43. Ke2 Kd6 44. Nxf2 Kd5 45. h5 Bf8 46. Kd3 Ke5 47. Ne4 Bg7 48. Nc5 Kf4 49. Nxa6 Kxg4 50. Ke4 1-0

[Event "Arad op-A 14th"]
[Site "Arad"]
[Date "2021.08.06"]
[Round "9"]
[White "Ungureanu, Sandu"]
[Black "Tampea, Radu"]
[Result "1/2-1/2"]
[WhiteElo "2024"]
[BlackElo "1893"]
[PlyCount "84"]
[EventDate "2021.07.30"]
[EventType "swiss"]
[EventRounds "9"]
[EventCountry "ROU"]
[SourceTitle "CBM 203 Extra"]
[Source "ChessBase"]
[SourceDate "2021.09.30"]
[SourceVersion "1"]
[SourceVersionDate "2021.09.30"]
[SourceQuality "1"]

1. g3 d5 2. Bg2 Nf6 3. d4 Nbd7 4. Nd2 e5 5. dxe5 Nxe5 6. Ngf3 Nxf3+ 7. Nxf3 Be7 8. c4 Be6 9. Ng5 0-0 10. Nxe6 fxe6 11. 0-0 c6 12. Qc2 Qb6 13. e3 Bc5 14. Rb1 a5 15. Bd2 d4 16. exd4 Bxd4 17. Bc3 e5 18. Bxd4 exd4 19. c5 Qc7 20. Qc4+ Qf7 21. Qxd4 Qxa2 22. b3 Qc2 23. Rb2 Qf5 24. Rd2 Rae8 25. Qc3 Re5 26. Rc1 Rfe8 27. h3 Qh5 28. f4 Re3 29. Rd3 Qe2 30. Qc4+ Kf8 31. Rxe3 Rxe3 32. Qxe2 Rxe2 33. Ra1 Rb2 34. Rxa5 Rxb3 35. g4 Nd7 36. Ra8+ Ke7 37. g5 Rb4 38. f5 Rf4 39. Ra7 Rxf5 40. h4 Rxc5 41. Rxb7 Rc4 42. Kf2 Rxh4 1/2-1/2

[Event "Arad op-A 14th"]
[Site "Arad"]
[Date "2021.07.30"]
[Round "1"]
[White "Tampea, Radu"]
[Black "Ionescu, Irina"]
[Result "1/2-1/2"]
[WhiteElo "1893"]
[BlackElo "2202"]
[PlyCount "70"]
[EventDate "2021.07.30"]
[EventType "swiss"]
[EventRounds "9"]
[EventCountry "ROU"]
[SourceTitle "CBM 203 Extra"]
[Source "ChessBase"]
[SourceDate "2021.09.30"]
[SourceVersion "1"]
[SourceVersionDate "2021.09.30"]
[SourceQuality "1"]

1. d4 d5 2. Bf4 Nf6 3. e3 e6 4. Nf3 Bd6 5. Ne5 0-0 6. Nd2 c5 7. c3 Nc6 8. Bd3 Qc7 9. Ndf3 h6 10. g4 cxd4 11. exd4 Ne4 12. Nxc6 Bxf4 13. Nce5 Bd7 14. Qc2 f5 15. gxf5 exf5 16. Ng6 Rf6 17. Nfe5 Bxe5 18. Nxe5 Be8 19. f3 Nd6 20. 0-0 Bf7 21. a4 f4 22. Rf2 Nc4 23. Bxc4 dxc4 24. Re1 Bd5 25. Rfe2 Re8 26. Ng4 Rfe6 27. Rxe6 Rxe6 28. Rxe6 Bxe6 29. Ne5 Qe7 30. Qg6 Bd5 31. Qg4 Qf6 32. Kf2 Be6 33. Qg2 Qf5 34. Qg6 Qh3 35. Qg3 Qf5 1/2-1/2

[Event "Jupiter FISCA op"]
[Site "Jupiter"]
[Date "2021.06.24"]
[Round "2"]
[White "Tampea, Radu"]
[Black "Padurariu, Mihai Edward"]
[Result "0-1"]
[WhiteElo "1893"]
[BlackElo "2186"]
[PlyCount "166"]
[EventDate "2021.06.23"]
[EventType "swiss"]
[EventRounds "9"]
[EventCountry "ROU"]
[SourceTitle "EXT 2022"]
[Source "ChessBase"]
[SourceDate "2021.10.06"]
[SourceVersion "1"]
[SourceVersionDate "2021.10.06"]
[SourceQuality "1"]

1. d4 d5 2. Bf4 Nf6 3. e3 c5 4. Nc3 cxd4 5. exd4 a6 6. Nf3 Bg4 7. h3 Bxf3 8. Qxf3 e6 9. 0-0-0 Nc6 10. g4 Bb4 11. g5 Ng8 12. Kb1 Nge7 13. h4 Nf5 14. Ne2 Bd6 15. h5 Bxf4 16. Qxf4 Qd6 17. Qf3 0-0-0 18. c3 Nce7 19. Bh3 Rdf8 20. Nf4 h6 21. Rdg1 Kb8 22. Bxf5 Nxf5 23. g6 Nxd4 24. cxd4 fxg6 25. Rxg6 Qxf4 26. Qxf4+ Rxf4 27. Rxe6 Rxf2 28. Re5 Rd2 29. Rf1 Rc8 30. Re7 Rcc2 31. Rff7 Rxb2+ 32. Kc1 Rdc2+ 33. Kd1 Rh2 34. Kc1 Rb4 35. a3 Rb3 36. Rxg7 Rxh5 37. Rd7 Rh2 38. a4 Ra2 39. Rxd5 Rxa4 40. Kc2 Rab4 41. Rh7 Rh3 42. Re7 Ka7 43. Rd6 h5 44. d5 Rc4+ 45. Kb2 Rd3 46. Rdd7 Rb4+ 47. Kc2 Rdd4 48. Kc3 a5 49. d6 Rd5 50. Rd8 Rbd4 51. Rdd7 Rb4 52. Rd8 Rb6 53. d7 Rbd6 54. Kc4 h4 55. Rh7 h3 56. Rhh8 Rxd7 57. Ra8+ Kb6 58. Rxh3 Rc5+ 59. Kb3 Rb5+ 60. Ka3 Rd6 61. Rb8 Ka7 62. Rhh8 Rb4 63. Ra8+ Kb6 64. Rh3 Rc6 65. Rg3 Rb5 66. Rh3 Rg6 67. Rf3 Rc5 68. Rb3+ Kc7 69. Rh3 b6 70. Rb3 Kb7 71. Rh8 Rcg5 72. Rhh3 Ka6 73. Rbd3 b5 74. Kb2 Rg2+ 75. Kb3 a4+ 76. Kb4 R2g4+ 77. Kc5 Rc4+ 78. Kd5 Rc8 79. Rdf3 Ka5 80. Rf4 Rg1 81. Rh7 Rd1+ 82. Ke6 Re8+ 83. Kf7 Rd7+ 0-1

[Event "ROM-ch U16"]
[Site "Mamaia"]
[Date "2021.04.12"]
[Round "8"]
[White "Tampea, Radu"]
[Black "Rusu, Dragos"]
[Result "1-0"]
[WhiteElo "2006"]
[BlackElo "1001"]
[PlyCount "67"]
[EventDate "2021.04.07"]
[EventType "swiss"]
[EventRounds "9"]
[EventCountry "ROU"]
[SourceTitle "EXT 2022"]
[Source "ChessBase"]
[SourceDate "2021.10.06"]
[SourceVersion "1"]
[SourceVersionDate "2021.10.06"]
[SourceQuality "1"]

1. d4 Nf6 2. Bf4 e6 3. e3 c5 4. c3 Qb6 5. Qb3 Qxb3 6. axb3 cxd4 7. exd4 Nc6 8. b4 b6 9. Nd2 Ne7 10. Nc4 Ng6 11. Nxb6 Nxf4 12. Nxa8 Bd6 13. Rxa7 0-0 14. Nb6 N6d5 15. Nxd5 exd5 16. Nf3 Bb8 17. Ra8 Bb7 18. Ra1 Re8+ 19. Kd2 Ne6 20. g3 g6 21. Ba6 Bc6 22. Rhe1 Rf8 23. Ne5 Bxe5 24. Rxe5 f6 25. Ree1 Ng5 26. Kc2 Ne4 27. f3 Ng5 28. Re3 Kf7 29. b5 Ba8 30. b6 Bc6 31. b4 d6 32. b5 Bd7 33. Rae1 Ne6 34. Kb3 1-0

[Event "ROM-ch U16"]
[Site "Mamaia"]
[Date "2021.04.11"]
[Round "6"]
[White "Prisacaru, Stefan Emilian"]
[Black "Tampea, Radu"]
[Result "1-0"]
[WhiteElo "1913"]
[BlackElo "2006"]
[PlyCount "64"]
[EventDate "2021.04.07"]
[EventType "swiss"]
[EventRounds "9"]
[EventCountry "ROU"]
[SourceTitle "EXT 2022"]
[Source "ChessBase"]
[SourceDate "2021.10.06"]
[SourceVersion "1"]
[SourceVersionDate "2021.10.06"]
[SourceQuality "1"]

1. e4 c5 2. Nf3 Nc6 3. Nc3 g6 4. g3 Bg7 5. Bg2 e5 6. 0-0 Nge7 7. d3 0-0 8. Nd5 Nxd5 9. exd5 Ne7 10. c4 d6 11. Rb1 a5 12. Re1 Bd7 13. a3 a4 14. b4 axb3 15. Qxb3 Ra7 16. Qa2 Qa8 17. Ng5 Ra6 18. f4 Nf5 19. fxe5 Bxe5 20. Ne4 Nd4 21. Nxc5 Nf3+ 22. Bxf3 Bd4+ 23. Kh1 Bxc5 24. Bh6 Bd4 25. Bxf8 Kxf8 26. Qe2 Bf6 27. Bg4 Be8 28. Rf1 Be5 29. Rbe1 Qa7 30. Qe4 Rxa3 31. Be6 Kg7 32. Qf3 b6 1-0

[Event "ROM-ch U16"]
[Site "Mamaia"]
[Date "2021.04.11"]
[Round "7"]
[White "Tampea, Radu"]
[Black "Antal, Hunor Zoltan"]
[Result "0-1"]
[WhiteElo "2006"]
[BlackElo "2023"]
[PlyCount "118"]
[EventDate "2021.04.07"]
[EventType "swiss"]
[EventRounds "9"]
[EventCountry "ROU"]
[SourceTitle "EXT 2022"]
[Source "ChessBase"]
[SourceDate "2021.10.06"]
[SourceVersion "1"]
[SourceVersionDate "2021.10.06"]
[SourceQuality "1"]

1. d4 Nf6 2. Bf4 d6 3. Nf3 Nbd7 4. e3 g6 5. Be2 Bg7 6. 0-0 0-0 7. Nbd2 c5 8. c3 b6 9. h3 Bb7 10. a4 a6 11. b4 cxd4 12. cxd4 Nd5 13. Qb3 Nxf4 14. exf4 Nf6 15. Rfe1 Nd5 16. g3 Qd7 17. Bc4 e6 18. b5 a5 19. Rac1 Rac8 20. Kh2 Rfe8 21. Bd3 Nb4 22. Be4 Bxe4 23. Nxe4 Rc7 24. Rxc7 Qxc7 25. Re3 Nd5 26. Re2 Rc8 27. Rd2 Bf8 28. Rb2 Qc4 29. Qxc4 Rxc4 30. Ra2 h6 31. Ra3 f5 32. Ned2 Rb4 33. Nb3 Rc4 34. Nfd2 Rc2 35. Kg2 Bg7 36. Ra1 Kf7 37. Rc1 Rxc1 38. Nxc1 Bxd4 39. Ne2 Bc5 40. Nc4 Kf6 41. g4 fxg4 42. hxg4 e5 43. fxe5+ dxe5 44. Kf3 Ke6 45. Nd2 Nf6 46. Nc3 Bb4 47. Nde4 Nxe4 48. Nxe4 Kd5 49. Nf6+ Kd4 50. Ke2 Bc5 51. Nd7 e4 52. Nf6 Be7 53. Nd7 Bd8 54. Kd2 h5 55. gxh5 gxh5 56. Ke2 h4 57. Kf1 Kc4 58. Ne5+ Kb3 59. Nc6 Bf6 0-1